02631nam a22003977a 4500003000800000005001700008008004100025020002200066040004200088041001300130043000900143082001400152100004500166245010100211250002200312260003800334300014100372336002900513337002800542338002800570505006800598505005900666505006200725505006200787505007000849505006500919505010500984505009601089520045301185521044701638650002802085650002802113653003502141653003002176653002702206BO-EaUP20260504151105.0260504b2022 ck ad|||ri||| 00| 0 spa d a978-958-503-384-9 aBO-EaUPcBiblioadmiempresaseRDAbspa aspahspa as-ck 221a658.5 aSilvera Escudero, Rodolfo EnriqueeAutor10aCiclos logísticos : planeación y estrategia en la cadena de suministro /cRodolfo Silvera E. aPrimera edición aBogotá :bEcoe Edicones, c2022 axxvi, 184 páginas ;bIlustraciones, cuadros, gráficos.-- (Ciencias empresariales. Logística) ;c17 x 24 centímetros ;fRústico 2rdacontenidoatextobtxt 2rdamediaano mediadobn avolumenbnc2rdacarrier2 aCAPÍTULOS 1. Ciclos del abastecimientos de las mercancías.-2 aCAPÍTULOS 2. Ciclos del inventario de mercancías.-2 aCAPÍTULOS 3. Ciclos de almacenamiento de mercancías.-2 aCAPÍTULOS 4. Ciclos de transporte de las mercancías.-2 aCAPÍTULOS 5. Ciclos de las exportaciones de las mercancías.- 2 aCAPÍTULOS 6. Ciclos de la importaciones de mercancías.- 2 aCAPÍTULOS 7. Estudio de casos de la administración de la cadena de suministro general y global.-2 aCAPÍTULOS 8. Ejercicios generales aplicados a los procesos logísticos estadísticos.-  aEn Ciclos logísticos se describen en forma sistemática todos los ciclos de los procesos de la cadena de suministro, haciendo un aporte importante al conocimiento de innovación en los diferentes eslabones como: abastecimiento, almacenamiento, inventarios, transporte y distribución de las mercancías. De igual forma, abarca temas importantes de los ciclos de la logística internacional como los procesos de exportación e importación. aDirigido a estudiantes de Administración de Empresas, Administración Logística, Ingeniería Industrial, Economía y Administración de Negocios Internacionales. Asimismo, a estudiantes tecnólogos en Gestión Logística, coordinadores de procesos logísticos, distribución física, comercio internacional, Especialización Tecnológica en Gestión Económica de la Logística Internacional y en Logística Internacional. aLOGÍSTICA EMPRESARIAL aOPERACIONES Y PROYECTOS aADMINISTRACIÓN DE MATERIALES aCADENA DE ABASTECIMIENTOS aGESTIÓN DE ALMACENES